Understanding research design and methods : basic business approach for undergraduate level / Madonna S. Molines-Siniguian, DBA, Jewelyn C. Espares-Ciocon, DBA, Jerome G. Sison, MBA, CLSSYB. (Record no. 20242)

000 -LEADER
fixed length control field 00700nam a22001697a 4500
020 ## - INTERNATIONAL STANDARD BOOK NUMBER
ISBN 9786214271290
082 ## - DEWEY DECIMAL CLASSIFICATION NUMBER
Classification number 001.42
Item number M7229 2023
100 ## - MAIN ENTRY--AUTHOR NAME
Personal name Molines-Siniguian, Madonna S., author.
245 ## - TITLE STATEMENT
Title Understanding research design and methods : basic business approach for undergraduate level / Madonna S. Molines-Siniguian, DBA, Jewelyn C. Espares-Ciocon, DBA, Jerome G. Sison, MBA, CLSSYB.
260 ## - PUBLICATION, DISTRIBUTION, ETC. (IMPRINT)
Place of publication Manila :
Name of publisher Unlimited Books Library Services & Publishing Inc.,
Year of publication ©2023.
300 ## - PHYSICAL DESCRIPTION
Number of Pages viii, 142 pages ;
Other physical details 26 cm.
500 ## - GENERAL NOTE
General note Includes bibliographical references.
650 ## - SUBJECT ADDED ENTRY--TOPICAL TERM
Topical Term Research -- Methodology.
700 ## - ADDED ENTRY--PERSONAL NAME
Personal name Espares-Ciocon, Jewelyn C.
700 ## - ADDED ENTRY--PERSONAL NAME
Personal name Sison, Jerome G.
942 ## - ADDED ENTRY ELEMENTS (KOHA)
Koha item type Books
Holdings
Source of acquisition Permanent Location Date acquired Koha item type Collection code Accession Number Lost status Shelving location Withdrawn status Current Location Full call number
SchoolCagayan State University - Carig Library2025-02-18BooksGeneral Works010592 General Collection Cagayan State University - Carig Library001.42 M7229 2023
SchoolCagayan State University - Carig Library2025-02-18BooksGeneral Works010593 General Collection Cagayan State University - Carig Library001.42 M7229 2023
SchoolCagayan State University - Carig Library2025-02-18BooksGeneral Works010594 General Collection Cagayan State University - Carig Library001.42 M7229 2023

Cagayan State University University Library, Carig Campus
Tuguegarao City, Cagayan 3500 | www.csucarig.edu.ph

Powered by Koha